| 000 | 00683nam a2200241Ia 4500 | ||
|---|---|---|---|
| 003 | OSt | ||
| 005 | 20220928131039.0 | ||
| 006 | a|||||r|||| 00| 0 | ||
| 007 | ta | ||
| 008 | 220927b |||||||| |||| 00| 0 eng d | ||
| 024 | _a49978 | ||
| 037 | _cTextual | ||
| 040 |
_aSDCL _cSDCL _beng |
||
| 041 |
_2eng _aeng |
||
| 082 | _aX7245:(Z2), P5 | ||
| 100 |
_aRao M B _9444554 |
||
| 245 | 0 |
_aTaxation of foreign income _b India's double tax treaties. |
|
| 260 |
_aNew Delhi _bVikas Publishing _c2005 |
||
| 300 |
_axxiii,613p _ccm. |
||
| 700 |
_a Guru Manjula _9476913 |
||
| 942 |
_hX7245:(Z2), P5 _cTEXL _2CC |
||
| 999 |
_c789358 _d789358 |
||